Titres de Chansons à trouver avec une Photo - Statistiques

Statistiques générales
  • Ce quiz a été pris 206 fois
  • Le résultat moyen est 32 sur 60
Statistiques - réponses
Par images Hint Réponse % Correct
Johnny Hallyday Allumer le Feu
85%
Téléphone Cendrillon
83%
Clara Luciani La Grenade
83%
Franky Vincent Fruit de la Passion
81%
Lio Banana Split
80%
Barbara L'Aigle Noir
79%
Joe Dassin Les Champs-Elysées
77%
Bourvil Salade de Fruits
77%
Charles Trenet La Mer
76%
Vianney Dumbo
74%
Calogero En apesanteur
71%
Georges Brassens Le Gorille
71%
Sheila Les Rois Mages
70%
Nino Ferrer Le Sud
70%
Claude François Le Téléphone pleure
70%
Jean-Jacques Goldman Je marche seul
69%
Marie Myriam L'Oiseau et l'Enfant
69%
Michel Delpech Le Chasseur
67%
Pow Wow Le Chat
67%
Jacques Brel Amsterdam
65%
Jeanne Mas En Rouge et Noir
65%
Brigitte Bardot Harley-Davidson
65%
Alain Chamfort Bambou
62%
Renaud Hexagone
62%
Olivia Ruiz La Femme Chocolat
60%
Bénabar Le Dîner
60%
Roe Laurens Africa
58%
France Gall Les Sucettes
57%
Claude Nougaro Armstrong
56%
Axel Bauer Cargo
56%
Eddy Mitchell Couleur Menthe à l'eau
56%
Hoshi Ta Marinière
55%
Louise Attaque Ton Invitation
55%
Corynne Charby Boule de Flipper
54%
Kyo Le Chemin
54%
Jeck Parapluie
53%
Santa Popcorn salé
52%
Yves Montand La Bicyclette
49%
Christophe Les Marionnettes
49%
Garou Seul
49%
Jacques Higelin Champagne
48%
Roch Voisine Hélène
47%
Dalida Il venait d'avoir 18 ans
42%
Michel Sardou Le France
41%
Berthe Sylva Les Roses Blanches
41%
Guesch Patti Etienne
35%
Pierre Perret La Cage aux Oiseaux
34%
Lilicub Voyage en Italie
34%
Alain Souchon Bidon
31%
NTM Ma Benz
30%
Regg'Lyss Mets de l'Huile
30%
Jacques Dutronc La Fille du Père Noël
29%
Julien Clerc Mélissa
28%
Isabelle Adjani Ohio
28%
Anggun La Neige au Sahara
25%
Bernard Menez Jolie Poupée
21%
Blues Trottoir Un Soir de Pluie
21%
Vanessa Paradis Marilyn et John
19%
Laurent Voulzy Belle-Ile-en-Mer, Marie-Galante
15%
Mickey 3d Johnny Rep
7%
Aucun quiz correspondant
Distribution des résultats
% des personnes avec chaque résultat
Percentile par nombre de réponses
Votre historique - résultats
Vous n’avez pas pris ce quiz